Principles of ethics : (Record no. 1421)

MARC details
000 -LEADER
fixed length control field 00619nam a2200205 a 4500
003 - CONTROL NUMBER IDENTIFIER
control field BD-DhJNU
005 - DATE AND TIME OF LATEST TRANSACTION
control field 20250302035416.0
008 - FIXED-LENGTH DATA ELEMENTS--GENERAL INFORMATION
fixed length control field 750130t19741975cau b 001 0 eng
020 ## - INTERNATIONAL STANDARD BOOK NUMBER
International Standard Book Number 0822101424
040 ## - CATALOGING SOURCE
Original cataloging agency BD-DhJNU
Language of cataloging ENG
Transcribing agency BD-DhJNU
Modifying agency BD-DhJNU
082 00 - DEWEY DECIMAL CLASSIFICATION NUMBER
Classification number 170 TAP
Edition number 23
100 1# - MAIN ENTRY--PERSONAL NAME
Personal name Taylor, Paul W.
245 10 - TITLE STATEMENT
Title Principles of ethics :
Remainder of title an introduction /
Statement of responsibility, etc. Paul W. Taylor
260 ## - PUBLICATION, DISTRIBUTION, ETC.
Place of publication, distribution, etc. Encino, Calif. :
Name of publisher, distributor, etc. Dickenson Pub. Co.,
Date of publication, distribution, etc. [1974] c1975.
300 ## - PHYSICAL DESCRIPTION
Extent xii, 234 p. ;
Dimensions 23 cm.
490 0# - SERIES STATEMENT
Series statement The Dickenson series in philosophy
504 ## - BIBLIOGRAPHY, ETC. NOTE
Bibliography, etc. note Includes bibliographies and index.
650 #0 - SUBJECT ADDED ENTRY--TOPICAL TERM
Topical term or geographic name entry element Ethics.
942 ## - ADDED ENTRY ELEMENTS (KOHA)
Koha item type Books
Holdings
Withdrawn status Lost status Source of classification or shelving scheme Damaged status Not for loan Collection Home library Current library Shelving location Date acquired Source of acquisition Total checkouts Full call number Barcode Date last seen Copy number Price effective from Koha item type
    Dewey Decimal Classification     Non-fiction Jagannath University Central Library Jagannath University Central Library General stacks 03/02/2025 Purchased   170 TAP JNUCL7924 03/02/2025 1 03/02/2025 Books